000 00306pab a2200109 454500
008 180718b xxu||||| |||| 00| 0 eng d
100 _aMallik, Basanta Kumar
245 _aAmbedkar as a builder of modern India
650 _aAmbedkar, B.R. - Criticism and Interpretation
773 _aMainstream
909 _a21497
999 _c21497
_d21497